Hnedé škvrny a možnosti ich odstránenia

Bibliographic Details
Main Author: Sochorová, Ružena (Author)
Format: Article
Language:Slovak

MARC

LEADER 00000nab a2200000ua 4500
001 vtls010751709
003 SK-MaSNL
005 20260304203040.0
008 250718s2007 xo |||||||||||||||||slo|
035 |a (urnnbn)urn:nbn:sk:snk:ar-a067zh 
035 |a (uuid)36111f8f-72c9-4fce-a2e4-d0a39d301da6 
035 |a urn:nbn:sk:snk-ab4wru 
040 |a SNKBUCL  |b slo  |c SNKBUCL  |e AACR2 
041 0 |a slo 
044 |a xo  |c SK 
100 1 |a Sochorová, Ružena  |4 aut  |9 267241 
245 1 0 |a Hnedé škvrny a možnosti ich odstránenia  |c Ružena Sochorová 
773 0 |t Derma revue : pokožka - vlasy - nechty - zdravie - životný štýl  |g Roč. 5, č. 4 (2007), s. 11-12 
850 |a Slovenská národná knižnica 
852 |a Slovenská národná knižnica 
954 |a odborná, vedecká literatúra pôvodná (slovenská)  |2 lita 
958 |a article3 
958 |a OND 
958 |a EUIPO 
999 |c 3107227  |d 3109157